Fictional Chickens by Picture - Statistics

General Stats
  • This quiz has been taken 28 times
  • The average score is 5 of 12
Answer Stats
Picture Answer % Correct
Chicken Little
93%
Chica
56%
Robot Chicken
56%
Torchic
56%
Foghorn Leghorn
52%
Heihei
37%
Camilla
26%
Cockatrice
26%
Ginger
26%
Lady Kluck
26%
Ernie
19%
Matilda
15%
No matching quizzes found
Score Distribution
Percent of People with Each Score
Percentile by Number Answered
Your Score History
You have not taken this quiz